Podnikanie zahraničných osôb v právnom poriadku Slovenskej republiky bakalárska práca

Salvato in:
Dettagli Bibliografici
Autore principale: Záhoranský, Dávid
Ente Autore: Obchodná fakulta EU. Katedra obchodného práva
Altri autori: Mišura, Ján
Natura: Libro
Lingua:slovacco
Pubblicazione: Bratislava 2011
Tags: Aggiungi Tag
Nessun Tag, puoi essere il primo ad aggiungerne!!

MARC

LEADER 00000nam a2200000 4500
001 0151494
005 20240320072119.1
041 0 |a slo 
044 |a SK 
245 1 0 |a Podnikanie zahraničných osôb v právnom poriadku Slovenskej republiky  |b bakalárska práca  |c Dávid Záhoranský ; školiteľ: Ján Mišura 
264 1 |a Bratislava  |c 2011 
300 |a 48 s. 
100 1 |a Záhoranský, Dávid 
700 1 |a Mišura, Ján 
710 2 |a Obchodná fakulta EU. Katedra obchodného práva